000 01083cam a22003252 4500
001 30285
003 BD-RjUL
005 20211209051536.0
008 140409s1969 stkaf b 000 0 eng
020 _a0050018191
035 _aOCLC ocm00133093 from D971006M
_a(BD-RjUL)30370
040 _aDLC
_cDLC
_dUKM
_dEQO
_dBD-RjUL
_beng
041 _aeng
060 _aW1 M0167P v. 3 1969
082 0 4 _a618.9289
_bMOD 1969
245 1 0 _aModern perspectives in international child psychiatry /
_cedited by John G. Howells, introduced by Leo Kanner.
260 _aEdinburgh :
_bOliver & Boyd,
_c1969.
300 _axvii, 878 p. :
_b7 plates, illus. ;
_c26 cm.
490 1 _aModern perspectives in psychiatry,
_v3
504 _aIncludes bibliographies.
650 0 _aChild psychiatry.
_992078
650 0 _aChild psychology.
_992079
650 2 _aMental Disorders
_xin infancy & childhood.
_992080
830 0 _v3
_992093
700 1 _aHowells, John G.
_915479
830 0 _aModern perspectives in psychiatry,
_992082
942 _2ddc
_cBK
999 _c30285
_d30285